000 00600nam a2200217Ia 4500
005 20250508165043.0
008 008 250505s9999 xx 000 0 eng d
037 _aTextual
040 _aFEDL
_beng
_cFEDL
041 _aeng
_2eng
084 _a420, NCE
_qFEDL
245 0 _aWork book for english reader. Book 2
245 0 _cNCERT
260 _aNew Delhi, India
_bNational Council of Educational Research and Training
_c1991
300 _a97p.
365 _aINR
_b6.5
490 _aSpecial series
546 _aMACESE
942 _cTEXL
_h420, NCE
999 _c1392865
_d1392865